English & British Monarchs 1066-present - Statistics

General Stats
  • This quiz has been taken 243 times
    201 since last reset
  • The average score is 38 of 46
Answer Stats
House Years Monarch/Ruler % Correct
Normandy 1100 - 1135 Henry I
95%
Angevin 1154 - 1189 Henry II
95%
Normandy 1066 - 1087 William I
95%
Normandy 1087 - 1100 William II
93%
Stuart 1625 - 1649 Charles I
90%
Stuart 1659 - 1685 (1649-1685) Charles II
90%
Plantagenet 1272 - 1307 Edward I
90%
Plantagenet 1307 - 1327 Edward II
90%
Tudor 1558 - 1603 Elizabeth I
90%
Plantagenet 1216 - 1272 Henry III
90%
Lancaster 1413 - 1422 Henry V
90%
Lancaster 1422 - 1461 & 1470 - 1471 Henry VI
90%
Tudor 1485 - 1509 Henry VII
90%
Tudor 1509 - 1547 Henry VIII
88%
Angevin 1199 - 1216 John
88%
Plantagenet 1327 - 1377 Edward III
87%
York 1483 Edward V
87%
Tudor 1547 - 1553 Edward VI
87%
Hanover 1714 - 1727 George I
87%
Lancaster 1399 - 1413 Henry IV
87%
Angevin 1189 - 1199 Richard I
87%
Windsor 2022 - Present Charles III
85%
Windsor 1952 - 2022 Elizabeth II
85%
Hanover 1727 - 1760 George II
85%
Orange 1689 - 1702 William III
85%
York 1461 - 1470 & 1471 - 1483 Edward IV
83%
Hanover 1760 - 1820 George III
83%
Hanover 1820 - 1830 George IV
83%
Tudor 1553 - 1558 Mary I
83%
Stuart 1702 - 1714 Anne
82%
Windsor 1910 - 1936 George V
80%
Orange 1689 - 1694 Mary II
80%
Blois 1135 - 1154 Stephen
80%
Hanover 1837 - 1901 Victoria
80%
Saxe-Coburg-Gotha 1901 - 1910 Edward VII
78%
Windsor 1936 - 1952 George VI
78%
Plantagenet 1377 - 1399 Richard II
78%
Windsor 1936 Edward VIII
77%
Stuart 1603 - 1625 James I
77%
Stuart 1685 - 1688 James II
77%
York 1483 - 1485 Richard III
77%
Hanover 1830 - 1837 William IV
73%
Tudor 1553 Lady Jane Grey
70%
Lord Protector 1653 - 1658 Oliver Cromwell
70%
Normandy 1141 (1135 - 1154) Matilda
48%
Lord Protector 1658 - 1659 Richard Cromwell
42%
No matching quizzes found
Score Distribution
Percent of People with Each Score
Percentile by Number Answered
Your Score History
You have not taken this quiz since the last reset